000 00714nam a22002537a 4500
005 20170123162333.0
010 _aA-794568
020 _c160.00
035 _aA-794568
037 _bCen Lib/Ret
040 _aDPL
_bUR
082 _aک
_bگ ل ز
100 _aگلزار
_9108197
245 _aدستخط /
_cگلزار
246 _adastkhat /
_bby Gulzar
260 _aلاہور
_bاساطیر پبلشرز
_c1995
270 _aمزنگ روڈ
_bلاہور
300 _a247p.
_c21cm(Hb)
650 _a ادب - اردو
_9122723
650 _a اردو کہانیاں
_9122724
650 _aLiterature -- Urdu
_9122725
650 _aUrdu stories
_9122726
942 _2ddc
_cUR
_hک
_mگ ل ز
999 _c107941
_d107941